Historical Analogies - Statistics

General Stats
  • This quiz has been taken 229 times
  • The average score is 5 of 11
Answer Stats
This is to something As That is to Something else % Correct
Hernan Cortez is to the Azetcs as Francisco Pizarro is to the Incas
82%
Theodore Roosevelt is to Asthma as Franklin Delano Roosevelt is to Polio
75%
Vasco de Gama is to Portugal as Americo Vespucio is to Italy
70%
Bonus Army march on Washington D.C. is to 1932 (and 1933) as "I Have a Dream" Speech march on Washington D.C. is to 1963
64%
John Wilkes Booth is to Abraham Lincoln as Aaron Burr is to Alexander Hamilton
51%
Ivan the Terrible is to Moscow as Vlad the Impaler is to Romania
46%
Babe Ruth is to Inoperable Malignant Tumor as Lou Gehrig is to Amyotrophic Lateral Sclerosis (ALS)
45%
Catacombs are to France as The Chi Chi Tunnels are to Vietnam
29%
Edgar Allen Poe is to Anti-Transcendentalism as Henry David Thoreau is to Transcendentalism
24%
Pablo Picasso is to Cubism as George Seurat is to Pointillism
18%
Martin Luther is to Germany as John Calvin is to Sweden
11%
No matching quizzes found
Score Distribution
Percent of People with Each Score
Percentile by Number Answered
Your Score History
You have not taken this quiz